000 00476nam a2200181Ia 4500
008 100917s9999 xx 000 0 und d
082 _b48936
100 _aबोरकर कमलाकर
245 _aकाळसर्प
260 _bत्रदिल प्रकाशन
_c1981
300 _a67
365 _b6
520 _aनाटक
630 _aकाळसर्प
650 _aनाटक
730 _aकाळसर्प
942 _cBOOK
999 _c654330
_d654327